000 00651nam a2200277Ia 4500
005 20260324145423.0
008 008 260324s9999 xx 000 0 eng d
020 _a9781003520047
037 _aEBOOK
040 _aCRL
040 _beng
040 _cCRL
041 _2eng
041 _aeng
084 _qCRL
100 _aAlan Alexander
_91221286
245 0 _aLocal Government in Britain Since Reorganisation
260 _bTaylor and Francis
260 _c1982
365 _a
365 _b140
856 _uhttp://www.taylorfrancis.com/books/9781003520047
942 _cEBOOK
999 _c1830787
_d1830787